[Event "IV C.to Italiano U21"]
[Site "Laveno-Mombello ITA"]
[Date "1996.07.??"]
[Round "?"]
[White "Mazzilli, Piero"]
[Black "Aranovitch, Emiliano"]
[Result "0-1"]
[WhiteElo "1768"]
[BlackElo "2185"]
[PlyCount "78"]
[EventDate "1996.07.27"]

1. e4 c5 2. d4 cxd4 3. c3 d5 4. exd5 Qxd5 5. cxd4 e6 6. Nc3 Qd8 7. Nf3 Nf6 8.
Bc4 a6 9. a4 Nc6 10. O-O Nb4 11. Re1 Be7 12. Qb3 O-O 13. Bg5 Nc6 14. Qd1 Qb6
15. Qd2 Na5 16. Ba2 Nb3 17. Bxb3 Qxb3 18. Re3 Qb4 19. Bxf6 Bxf6 20. Nd5 Qxd2
21. Nxf6+ gxf6 22. Nxd2 Rd8 23. Ne4 f5 24. Rg3+ Kf8 25. Nf6 Rxd4 26. Nxh7+ Ke7
27. Rg8 b6 28. Ng5 Bb7 29. Rg7 Rf8 30. Nf3 Rb4 31. Ne5 Kf6 32. Nd3 Rb3 33. Rg3
Rd8 34. Ra3 Rxa3 35. bxa3 f4 36. Rh3 f3 37. Ne1 Rd1 38. gxf3 Rxe1+ 39. Kg2 Ra1
0-1

[Event "IV C.to Italiano U21"]
[Site "Laveno-Mombello ITA"]
[Date "1996.07.??"]
[Round "?"]
[White "Mazzilli, Piero"]
[Black "Isella, Lorenzo"]
[Result "1-0"]
[WhiteElo "1768"]
[BlackElo "1681"]
[PlyCount "25"]
[EventDate "1996.07.27"]

1. e4 e6 2. d4 d5 3. exd5 exd5 4. c4 Nf6 5. Nc3 Be7 6. Nf3 O-O 7. Be3 Re8 8.
Bd3 Ng4 9. O-O Nxe3 10. fxe3 dxc4 11. Bxc4 Nd7 12. Bxf7+ Kxf7 13. Ng5+ 1-0

[Event "IV C.to Italiano U21"]
[Site "Laveno-Mombello ITA"]
[Date "1996.07.??"]
[Round "?"]
[White "Mazzilli, Piero"]
[Black "Sgnaolin, Davide"]
[Result "1/2-1/2"]
[WhiteElo "1768"]
[BlackElo "2080"]
[PlyCount "80"]
[EventDate "1996.07.27"]

1. e4 c5 2. d4 cxd4 3. c3 Nf6 4. e5 Nd5 5. Nf3 e6 6. cxd4 b6 7. Nc3 Nxc3 8.
bxc3 Qc7 9. Qc2 Be7 10. Bd3 Ba6 11. O-O Bxd3 12. Qxd3 Nc6 13. Ng5 d6 14. exd6
Bxd6 15. g3 h6 16. Ne4 Be7 17. Bf4 Qd7 18. Qf3 O-O 19. h4 Qd5 20. Nd2 Qxf3 21.
Nxf3 Na5 22. Rac1 Nc4 23. Ne5 Rac8 24. Rfd1 Rfd8 25. Nxc4 Rxc4 26. Kf1 Rdc8 27.
Rd3 b5 28. Ke2 Ba3 29. Rb1 a6 30. Rb3 Be7 31. Bc1 b4 32. Bd2 a5 33. cxb4 axb4
34. Rb2 Rc2 35. Rdb3 R8c3 36. Rxc2 Rxc2 37. Ke3 Rxa2 38. Bxb4 Bf6 39. Bd6 Ra4
40. Be5 Bxe5 1/2-1/2

[Event "IV C.to Italiano U21"]
[Site "Laveno-Mombello ITA"]
[Date "1996.07.??"]
[Round "?"]
[White "Noseda, Francesco"]
[Black "Arnetta, Marianna"]
[Result "1/2-1/2"]
[WhiteElo "1636"]
[BlackElo "1621"]
[PlyCount "64"]
[EventDate "1996.07.27"]

1. d4 e6 2. c4 d5 3. Nc3 Nf6 4. Bg5 Be7 5. e3 c6 6. Nf3 Nbd7 7. a3 O-O 8. Bd3
h6 9. Bh4 a6 10. O-O dxc4 11. Bxc4 b5 12. Ba2 c5 13. dxc5 Bxc5 14. Qe2 Bb7 15.
Rfd1 Qe7 16. Rd2 Rfd8 17. Rad1 Rac8 18. e4 e5 19. Bd5 Bxd5 20. Nxd5 Qe8 21.
Bxf6 Nxf6 22. Nxf6+ gxf6 23. Nh4 Rxd2 24. Qxd2 Kh7 25. Nf5 Bf8 26. f3 Qc6 27.
Kf1 Qc4+ 28. Ke1 b4 29. Qd3 bxa3 30. bxa3 Qc3+ 31. Kf1 Bxa3 32. Qxa6 Qc4+
1/2-1/2

[Event "IV C.to Italiano U21"]
[Site "Laveno-Mombello ITA"]
[Date "1996.07.??"]
[Round "?"]
[White "Pagnoncelli, Marco"]
[Black "Isonzo, David"]
[Result "1/2-1/2"]
[WhiteElo "2105"]
[BlackElo "2175"]
[PlyCount "85"]
[EventDate "1996.07.27"]

1. e4 e5 2. Nf3 d6 3. Nc3 Nf6 4. d4 exd4 5. Nxd4 g6 6. f3 Bg7 7. Be3 d5 8. e5
Nh5 9. g4 O-O 10. gxh5 c5 11. Ndb5 d4 12. Ne4 Qe7 13. Bf4 Nc6 14. Qd2 Nxe5 15.
Bxe5 Qxe5 16. O-O-O Be6 17. h6 Bh8 18. Re1 c4 19. Qg5 f5 20. Nf6+ Bxf6 21. Rxe5
Bxg5+ 22. Kb1 Bf7 23. Nd6 d3 24. Nxf7 Kxf7 25. cxd3 Rae8 26. d4 Rxe5 27. dxe5
Rc8 28. Be2 b5 29. Rd1 Rd8 30. Rxd8 Bxd8 31. a4 a6 32. axb5 axb5 33. b3 cxb3
34. Bxb5 Ke6 35. Bc4+ Kxe5 36. Bg8 Kf6 37. Kb2 Kg5 38. Bxh7 Kxh6 39. Bg8 Bc7
40. Kxb3 Bxh2 41. Kc3 Kg5 42. Kd3 Kf4 43. Bd5 1/2-1/2

[Event "IV C.to Italiano U21"]
[Site "Laveno-Mombello ITA"]
[Date "1996.07.??"]
[Round "?"]
[White "Perrone, Giorgio"]
[Black "Bottino, Alexiei"]
[Result "1-0"]
[WhiteElo "1609"]
[BlackElo "1600"]
[PlyCount "81"]
[EventDate "1996.07.27"]

1. e4 c5 2. g3 d6 3. Bg2 Nf6 4. Nc3 e6 5. Nf3 Nbd7 6. O-O Be7 7. d4 cxd4 8.
Qxd4 a6 9. h3 Qc7 10. Be3 b5 11. a3 Bb7 12. Qd3 Rc8 13. Rac1 Nc5 14. Bxc5 Qxc5
15. Qd4 O-O 16. Rfe1 Rfd8 17. Qxc5 Rxc5 18. e5 Bxf3 19. exf6 Bxg2 20. fxe7 Re8
21. Kxg2 Rxe7 22. f4 Rec7 23. Re2 d5 24. f5 R7c6 25. Rd1 Kf8 26. Rf1 Ke7 27.
Rd1 Kf8 28. fxe6 fxe6 29. Rdd2 Rc4 30. Nd1 a5 31. Ne3 Re4 32. c3 h5 33. Nc2 e5
34. Rxe4 dxe4 35. Rd5 Kf7 36. Rxe5 Re6 37. Rxb5 e3 38. Rxa5 Kf6 39. Rd5 g6 40.
Rd1 Kf5 41. Nd4+ 1-0

[Event "IV C.to Italiano U21"]
[Site "Laveno-Mombello ITA"]
[Date "1996.07.??"]
[Round "?"]
[White "Perrone, Giorgio"]
[Black "Tomba, Ivan"]
[Result "1-0"]
[WhiteElo "1609"]
[BlackElo "1570"]
[PlyCount "75"]
[EventDate "1996.07.27"]

1. e4 c5 2. g3 Nc6 3. Bg2 e6 4. Nf3 d5 5. exd5 exd5 6. d4 Nf6 7. O-O Qb6 8. c3
c4 9. b3 Bf5 10. Bg5 Ne4 11. Re1 f6 12. Nh4 Bg6 13. Nxg6 hxg6 14. Bxe4 dxe4 15.
Rxe4+ Be7 16. Be3 cxb3 17. Qxb3 Qxb3 18. axb3 f5 19. Re6 Kf7 20. d5 Rh3 21. Nd2
Bf6 22. Rxf6+ gxf6 23. dxc6 bxc6 24. Rxa7+ Rxa7 25. Bxa7 Rh8 26. Bd4 Rd8 27. b4
Ke6 28. Kf1 Ra8 29. Ke2 g5 30. Kd3 Rh8 31. Kc4 Rxh2 32. Kc5 Kd7 33. Nc4 f4 34.
gxf4 g4 35. Na5 Rg2 36. Nxc6 g3 37. fxg3 Rxg3 38. Bxf6 1-0

[Event "IV C.to Italiano U21"]
[Site "Laveno-Mombello ITA"]
[Date "1996.07.??"]
[Round "?"]
[White "Punteri, Marco"]
[Black "Coratella, Giuseppe"]
[Result "1-0"]
[WhiteElo "1798"]
[BlackElo "1564"]
[PlyCount "68"]
[EventDate "1996.07.27"]

1. d4 Nf6 2. c4 d5 3. cxd5 Nxd5 4. Nf3 c6 5. Nc3 Bf5 6. e3 Nd7 7. Nxd5 cxd5 8.
Qb3 Nb6 9. Ne5 a6 10. a4 Qc7 11. a5 Nd7 12. Qxd5 Be6 13. Qf3 Nxe5 14. dxe5 g6
15. Bd2 Bg7 16. Rc1 Qd7 17. Bc3 O-O 18. Be2 h5 19. h3 Bd5 20. Qg3 Qe6 21. O-O
Rfd8 22. f4 Rac8 23. Bf3 Rd7 24. Bxd5 Rxd5 25. Rfd1 Rcd8 26. Qf3 Qd7 27. Rxd5
Qxd5 28. Qxd5 Rxd5 29. Bb4 Rd7 30. Rc8+ Kh7 31. Re8 e6 32. Bd6 Bh6 33. Kf1 g5
34. g3 h4 1-0

[Event "IV C.to Italiano U21"]
[Site "Laveno-Mombello ITA"]
[Date "1996.07.??"]
[Round "?"]
[White "Punteri, Marco"]
[Black "Isonzo, David"]
[Result "0-1"]
[WhiteElo "1798"]
[BlackElo "2175"]
[PlyCount "59"]
[EventDate "1996.07.27"]

1. d4 Nf6 2. c4 d6 3. Nc3 Nbd7 4. e4 e5 5. d5 Be7 6. Nf3 O-O 7. Qc2 a5 8. h3
Re8 9. Be3 Bf8 10. g4 c6 11. Be2 Nc5 12. g5 Nfd7 13. h4 Nb6 14. O-O-O cxd5 15.
cxd5 Bd7 16. h5 Rc8 17. Kb1 Nca4 18. Qd2 Nxc3+ 19. bxc3 g6 20. Nh2 Nc4 21. Bxc4
Rxc4 22. hxg6 fxg6 23. f3 Qc7 24. Ng4 Bxg4 25. fxg4 Rc8 26. Rh3 Bg7 27. Rdh1
Rxc3 28. Qh2 Kf8 29. Rxh7 Rxe3 30. Rxg7 0-1

[Event "IV C.to Italiano U21"]
[Site "Laveno-Mombello ITA"]
[Date "1996.07.??"]
[Round "?"]
[White "Punteri, Marco"]
[Black "Pagnoncelli, Marco"]
[Result "0-1"]
[WhiteElo "1798"]
[BlackElo "2105"]
[PlyCount "47"]
[EventDate "1996.07.27"]

1. d4 Nf6 2. c4 c5 3. d5 b5 4. cxb5 a6 5. Nc3 g6 6. e4 d6 7. f4 Bg7 8. Nf3 O-O
9. bxa6 Nxa6 10. Be2 Rb8 11. O-O Qb6 12. Kh1 Bg4 13. Qe1 Nd7 14. Qh4 Bxf3 15.
Rxf3 Bf6 16. Qh6 Bg7 17. Qh4 Rfe8 18. Bb5 Bxc3 19. Bxd7 Bf6 20. Qh6 Red8 21.
Bg4 Qb4 22. Re3 Qc4 23. Bd2 Rxb2 24. Rd1 0-1

[Event "IV C.to Italiano U21"]
[Site "Laveno-Mombello ITA"]
[Date "1996.07.??"]
[Round "?"]
[White "Punteri, Marco"]
[Black "Vismara, Daniele"]
[Result "0-1"]
[WhiteElo "1798"]
[BlackElo "2155"]
[PlyCount "70"]
[EventDate "1996.07.27"]

1. d4 Nf6 2. c4 g6 3. Nc3 Bg7 4. e4 d6 5. f4 O-O 6. Nf3 c5 7. d5 e6 8. Be2 exd5
9. cxd5 Re8 10. e5 dxe5 11. fxe5 Ng4 12. Bg5 Qb6 13. Qd2 Nxe5 14. O-O-O c4 15.
Nxe5 Bxe5 16. Bxc4 Bg4 17. Rdf1 Nd7 18. h3 Bf5 19. g4 Rac8 20. b3 Qb4 21. Rf3
Rxc4 22. bxc4 Bxc3 23. Qxc3 Qb1+ 24. Kd2 Qxh1 25. Re3 Qg2+ 26. Ke1 Qg3+ 27. Kd2
Rxe3 28. Qxe3 Qxe3+ 29. Kxe3 Bb1 30. a3 f6 31. Bf4 g5 32. Bh2 b6 33. Kd4 Kf7
34. a4 a5 35. Bc7 Bc2 0-1

[Event "IV C.to Italiano U21"]
[Site "Laveno-Mombello ITA"]
[Date "1996.07.??"]
[Round "?"]
[White "Renzi, Roberto"]
[Black "Aranovitch, Emiliano"]
[Result "1/2-1/2"]
[WhiteElo "1811"]
[BlackElo "2185"]
[PlyCount "23"]
[EventDate "1996.07.27"]

1. d4 Nf6 2. Nf3 c5 3. e3 b6 4. c4 g6 5. Nc3 Bb7 6. d5 Bg7 7. Be2 O-O 8. h3 Na6
9. e4 d6 10. Be3 Nc7 11. Qd2 Re8 12. g4 1/2-1/2

[Event "IV C.to Italiano U21"]
[Site "Laveno-Mombello ITA"]
[Date "1996.07.??"]
[Round "?"]
[White "Renzi, Roberto"]
[Black "Dorighet, Claudio"]
[Result "1/2-1/2"]
[WhiteElo "1811"]
[BlackElo "1897"]
[PlyCount "97"]
[EventDate "1996.07.27"]

1. e4 c5 2. Nf3 d6 3. d4 cxd4 4. Nxd4 Nf6 5. Nc3 g6 6. Be3 Bg7 7. f3 Nc6 8. Qd2
O-O 9. Bc4 Ne5 10. Bb3 Bd7 11. O-O-O Qa5 12. h4 Rfc8 13. Kb1 b5 14. Ncxb5 Qxd2
15. Rxd2 Rab8 16. a4 a6 17. Nc3 Be8 18. a5 Rc5 19. h5 Rxc3 20. bxc3 Nc4 21. Rd3
Nxe3 22. Rxe3 Nxh5 23. Ree1 Nf6 24. Kc1 Rc8 25. Kd2 h5 26. c4 Rc5 27. Ke3 Bh6+
28. Ke2 e5 29. c3 exd4 30. cxd4 Rxa5 31. Ra1 Rxa1 32. Rxa1 Kf8 33. Rxa6 Bf4 34.
e5 Nd7 35. exd6 Nb8 36. Ra8 Bxd6 37. c5 Bf4 38. d5 Na6 39. Ba4 Nc7 40. Rc8 Nxd5
41. Rxe8+ Kg7 42. Ra8 Nc7 43. Ra7 Kf6 44. Kd3 Ke7 45. Kc4 h4 46. Bc2 Be5 47.
Rb7 Kf6 48. Be4 Kg5 49. Ra7 1/2-1/2

[Event "IV C.to Italiano U21"]
[Site "Laveno-Mombello ITA"]
[Date "1996.07.??"]
[Round "?"]
[White "Renzi, Roberto"]
[Black "Isonzo, David"]
[Result "0-1"]
[WhiteElo "1811"]
[BlackElo "2175"]
[PlyCount "106"]
[EventDate "1996.07.27"]

1. d4 Nf6 2. Nf3 g6 3. c4 Bg7 4. Nc3 d6 5. e4 O-O 6. Be2 c5 7. dxc5 dxc5 8.
Qxd8 Rxd8 9. Be3 b6 10. Rd1 Rxd1+ 11. Bxd1 Bb7 12. Bc2 Nc6 13. h3 Rd8 14. Ke2
Nh5 15. g3 Na5 16. Bd3 Ba6 17. Nd2 Bxc3 18. bxc3 e5 19. g4 Ng7 20. f4 exf4 21.
Bxf4 Re8 22. Kf2 f6 23. Re1 Ne6 24. Bg3 Ng5 25. h4 Nf7 26. Bf4 Ne5 27. Bxe5
Rxe5 28. Kf3 h6 29. Kf4 Re8 30. Re3 g5+ 31. hxg5 hxg5+ 32. Kg3 Kg7 33. Re2 Nc6
34. Nf3 Rd8 35. Re3 Na5 36. Nd2 Kf7 37. Rf3 Nc6 38. Kf2 Ne5 39. Ke2 Nxf3 40.
Nxf3 Bb7 41. Ke3 Rh8 42. a4 Rh1 43. Nd2 Bc8 44. Be2 Rh3+ 45. Kf2 Rxc3 46. e5
Bb7 47. exf6 Kxf6 48. Nf1 Ra3 49. Ne3 Rxa4 50. Nf5 Ra2 51. Ke3 Bc6 52. Nd6 a5
53. Nc8 Rb2 0-1

[Event "IV C.to Italiano U21"]
[Site "Laveno-Mombello ITA"]
[Date "1996.07.??"]
[Round "?"]
[White "Salvaggio, Salvatore"]
[Black "Sgnaolin, Davide"]
[Result "0-1"]
[WhiteElo "1609"]
[BlackElo "2080"]
[PlyCount "64"]
[EventDate "1996.07.27"]

1. d4 d5 2. c4 e6 3. Nc3 c5 4. cxd5 exd5 5. e3 Nf6 6. dxc5 Bxc5 7. Bb5+ Nc6 8.
Nge2 O-O 9. O-O a6 10. Ba4 Bg4 11. f3 Bf5 12. Re1 Qd6 13. Kh1 Rad8 14. Ng3 Bg6
15. a3 Rfe8 16. Bc2 Qc7 17. Bxg6 hxg6 18. b4 Bd6 19. Nce2 Be5 20. Ra2 d4 21.
Rd2 Qe7 22. e4 Qd7 23. Rd3 Bb8 24. Bg5 Ba7 25. Nc3 Ne5 26. Rd2 Nc4 27. Bxf6
gxf6 28. Nd5 Kg7 29. Ra2 Bb8 30. Qxd4 Qxd5 31. Qf2 Bxg3 32. Qxg3 Qd4 0-1

[Event "IV C.to Italiano U21"]
[Site "Laveno-Mombello ITA"]
[Date "1996.07.??"]
[Round "?"]
[White "Schacher, Gerd"]
[Black "Pagnoncelli, Marco"]
[Result "1/2-1/2"]
[WhiteElo "2235"]
[BlackElo "2105"]
[PlyCount "37"]
[EventDate "1996.07.27"]

1. d4 Nf6 2. c4 g6 3. Nc3 Bg7 4. e4 O-O 5. f3 d6 6. Be3 e5 7. d5 Ne8 8. Qd2 f5
9. O-O-O f4 10. Bf2 Bd7 11. Kb1 Na6 12. Nge2 b6 13. Nc1 Nc5 14. Nd3 a5 15. b3
Qc8 16. Be2 Qa6 17. Rc1 Rf7 18. g4 h6 19. Nxc5 1/2-1/2

[Event "IV C.to Italiano U21"]
[Site "Laveno-Mombello ITA"]
[Date "1996.07.??"]
[Round "?"]
[White "Schacher, Gerd"]
[Black "Vismara, Daniele"]
[Result "1/2-1/2"]
[WhiteElo "2235"]
[BlackElo "2155"]
[PlyCount "23"]
[EventDate "1996.07.27"]

1. d4 Nf6 2. c4 g6 3. Nc3 Bg7 4. e4 d6 5. f3 O-O 6. Be3 Nc6 7. Nge2 a6 8. Qd2
Rb8 9. h4 h5 10. O-O-O b5 11. Bh6 e5 12. Nd5 1/2-1/2

[Event "IV C.to Italiano U21"]
[Site "Laveno-Mombello ITA"]
[Date "1996.07.??"]
[Round "?"]
[White "Sgnaolin, Davide"]
[Black "De Bortoli, Peter"]
[Result "1/2-1/2"]
[WhiteElo "2080"]
[BlackElo "1975"]
[PlyCount "113"]
[EventDate "1996.07.27"]

1. e4 c5 2. Nf3 d6 3. Nc3 Nf6 4. d4 cxd4 5. Nxd4 a6 6. g3 e5 7. Nde2 Be7 8. Bg2
O-O 9. O-O Qc7 10. h3 Nbd7 11. a4 b6 12. g4 Nc5 13. Ng3 Bb7 14. g5 Ne8 15. Nf5
g6 16. Nxe7+ Qxe7 17. Be3 Ng7 18. Nd5 Bxd5 19. Qxd5 Nce6 20. Rfd1 Rad8 21. h4
h6 22. Qd2 hxg5 23. Bxg5 Nxg5 24. Qxg5 Qxg5 25. hxg5 Ne6 26. Rd2 Rd7 27. Rad1
Rfd8 28. Bh3 Nxg5 29. Bxd7 Nf3+ 30. Kg2 Nxd2 31. Bc6 Rc8 32. Rxd2 Rxc6 33. b4
b5 34. axb5 axb5 35. Rd5 Rb6 36. Kg3 f6 37. f4 exf4+ 38. Kxf4 Kf7 39. Ke3 Ke6
40. Kd4 Kd7 41. c4 bxc4 42. Kxc4 Rc6+ 43. Kd4 Rc1 44. Ra5 Rd1+ 45. Ke3 Rb1 46.
Ra7+ Ke6 47. Rb7 Re1+ 48. Kd4 Rd1+ 49. Ke3 d5 50. exd5+ Rxd5 51. b5 Kf5 52. Rb8
Kg4 53. b6 g5 54. Rf8 Rb5 55. Rxf6 Kh4 56. Rh6+ Kg3 57. Kd4 1/2-1/2

[Event "IV C.to Italiano U21"]
[Site "Laveno-Mombello ITA"]
[Date "1996.07.??"]
[Round "?"]
[White "Sgnaolin, Davide"]
[Black "Schacher, Gerd"]
[Result "0-1"]
[WhiteElo "2080"]
[BlackElo "2235"]
[PlyCount "102"]
[EventDate "1996.07.27"]

1. e4 c5 2. Nf3 d6 3. Nc3 a6 4. d4 cxd4 5. Nxd4 Nf6 6. g3 e5 7. Nde2 b5 8. Bg2
Bb7 9. O-O Nbd7 10. Nd5 Nxd5 11. exd5 Be7 12. a4 O-O 13. f4 Qb6+ 14. Kh1 Rac8
15. Rf3 Nf6 16. a5 Qc5 17. Rc3 Qf2 18. Be3 Ng4 19. Bxf2 Nxf2+ 20. Kg1 Nxd1 21.
Rxd1 exf4 22. gxf4 Bf6 23. Rxc8 Rxc8 24. c3 Rc4 25. Nd4 g6 26. Kf2 Ra4 27. b4
Ra2+ 28. Kg3 Ra3 29. Rd3 Bxd4 30. Rxd4 Rxc3+ 31. Kf2 Kg7 32. Bf3 Bc8 33. Re4
Kf8 34. Rd4 Bf5 35. Be2 Rh3 36. Kg2 Re3 37. Bf3 Rd3 38. Rxd3 Bxd3 39. Kf2 f5
40. Ke3 Bc4 41. Kd4 Kg7 42. Ke3 Kf6 43. h4 h6 44. Kd4 g5 45. fxg5+ hxg5 46.
hxg5+ Kxg5 47. Ke3 f4+ 48. Ke4 Bf1 49. Bh1 Be2 50. Kd4 f3 51. Ke3 Kf5 0-1

[Event "IV C.to Italiano U21"]
[Site "Laveno-Mombello ITA"]
[Date "1996.07.??"]
[Round "?"]
[White "Sgnaolin, Davide"]
[Black "Vismara, Daniele"]
[Result "1/2-1/2"]
[WhiteElo "2080"]
[BlackElo "2155"]
[PlyCount "98"]
[EventDate "1996.07.27"]

1. e4 c5 2. Nf3 d6 3. Nc3 Nf6 4. d4 cxd4 5. Nxd4 g6 6. g3 Nc6 7. Nde2 b6 8. Bg2
Ba6 9. O-O Rc8 10. Rb1 Bg7 11. Re1 O-O 12. Nf4 Ne5 13. Ncd5 e6 14. Nb4 Bb7 15.
b3 a5 16. Nbd3 Nxd3 17. Qxd3 e5 18. Nd5 Nxd5 19. exd5 f5 20. c4 Rc7 21. f4 Re7
22. fxe5 Bxe5 23. Bg5 Bf6 24. Bxf6 Rxe1+ 25. Rxe1 Qxf6 26. Qe3 Qd8 27. Qe6+ Kg7
28. a3 Qc7 29. Qe7+ Rf7 30. Qxc7 Rxc7 31. Re6 Rd7 32. Kf2 Kf7 33. Ke3 Rd8 34.
Kd4 Bc8 35. Re1 Bd7 36. Bf3 Kf6 37. Re2 h6 38. Re1 g5 39. Bd1 Re8 40. Rxe8 Bxe8
41. b4 axb4 42. axb4 f4 43. c5 bxc5+ 44. bxc5 dxc5+ 45. Kxc5 Ke5 46. Bf3 Bd7
47. d6 fxg3 48. hxg3 g4 49. Bc6 Ke6 1/2-1/2

[Event "IV C.to Italiano U21"]
[Site "Laveno-Mombello ITA"]
[Date "1996.07.??"]
[Round "?"]
[White "Tomba, Ivan"]
[Black "Renzi, Roberto"]
[Result "0-1"]
[WhiteElo "1570"]
[BlackElo "1811"]
[PlyCount "72"]
[EventDate "1996.07.27"]

1. e4 c5 2. Nf3 e6 3. d4 cxd4 4. Nxd4 Nf6 5. Nc3 d6 6. Be2 Be7 7. Be3 a6 8. Qd2
Qc7 9. f3 b5 10. a4 b4 11. Na2 d5 12. exd5 Nxd5 13. Bf2 Bd6 14. Nf5 Bf4 15. Ne3
Qc5 16. O-O-O Bxe3 17. Bxe3 Qxe3 18. Qxe3 Nxe3 19. Rd4 a5 20. Re1 Nf5 21. Rd2
O-O 22. Bd3 Nh4 23. Be4 Ra7 24. Red1 Bb7 25. Rd8 Bxe4 26. fxe4 Na6 27. g3 Nf3
28. h4 Nc5 29. Rxf8+ Kxf8 30. Rf1 Ne5 31. Re1 Nxa4 32. b3 Nc5 33. Kb1 Nf3 34.
Re3 Nd2+ 35. Kc1 Ndxe4 36. Kd1 Rd7+ 0-1

[Event "IV C.to Italiano U21"]
[Site "Laveno-Mombello ITA"]
[Date "1996.07.??"]
[Round "?"]
[White "Tomba, Ivan"]
[Black "Varinelli, Sara"]
[Result "0-1"]
[WhiteElo "1570"]
[BlackElo "1591"]
[PlyCount "93"]
[EventDate "1996.07.27"]

1. e4 c5 2. Nf3 d6 3. d4 cxd4 4. Nxd4 Nf6 5. Nc3 a6 6. Be2 e6 7. Be3 Be7 8. O-O
b5 9. a3 Bb7 10. Bd3 O-O 11. f4 Nbd7 12. Nb3 Rc8 13. Qf3 Qc7 14. Rf2 Nb6 15.
Nd2 d5 16. exd5 Nbxd5 17. Nxd5 Bxd5 18. Qh3 Bc4 19. Bxc4 bxc4 20. c3 Rfd8 21.
Qf3 Rd3 22. Qe2 Nd5 23. Bd4 Nxf4 24. Qg4 Ng6 25. Re1 e5 26. Bxe5 Nxe5 27. Rxe5
Bc5 28. Rxc5 Qxc5 29. Ne4 Qc6 30. Nf6+ Kh8 31. Nh5 Rg8 32. Rxf7 Qg6 33. Qxg6
hxg6 34. Nf4 Rd1+ 35. Kf2 Rd2+ 36. Kg3 Rxb2 37. Nxg6+ Kh7 38. Ne7 Rd8 39. Rf3
Ra2 40. Kf4 Rf8+ 41. Kg3 Rxf3+ 42. Kxf3 Rxa3 43. Nd5 Ra2 44. h3 Rd2 45. Nb4 a5
46. Nc6 a4 47. Nb4 0-1

[Event "IV C.to Italiano U21"]
[Site "Laveno-Mombello ITA"]
[Date "1996.07.??"]
[Round "?"]
[White "Varinelli, Sara"]
[Black "Mazzilli, Piero"]
[Result "0-1"]
[WhiteElo "1591"]
[BlackElo "1768"]
[PlyCount "66"]
[EventDate "1996.07.27"]

1. e4 c5 2. Nf3 d6 3. d4 cxd4 4. Nxd4 Nf6 5. Nc3 a6 6. Be2 e5 7. Nb3 b5 8. Be3
Bb7 9. Bf3 Nbd7 10. O-O Be7 11. g3 Rc8 12. Bg2 Qc7 13. Rc1 O-O 14. Nd2 Nc5 15.
Qe2 b4 16. Nd5 Nxd5 17. exd5 a5 18. Qg4 f5 19. Qd1 Na4 20. Nb3 Ba6 21. Re1 Nxb2
22. Qd2 Nc4 23. Qd3 a4 24. Na1 Qb7 25. Qd1 Nxe3 26. fxe3 Bc4 27. c3 bxc3 28.
Rxc3 Bxa2 29. Rxc8 Rxc8 30. Qxa4 Ra8 31. Qc2 e4 32. g4 Bxd5 33. gxf5 Bf6 0-1

[Event "IV C.to Italiano U21"]
[Site "Laveno-Mombello ITA"]
[Date "1996.07.??"]
[Round "?"]
[White "Vismara, Daniele"]
[Black "Loche, Roberto"]
[Result "1-0"]
[WhiteElo "2155"]
[BlackElo "1762"]
[PlyCount "51"]
[EventDate "1996.07.27"]

1. e4 e5 2. Nf3 Nc6 3. Bc4 Nf6 4. d3 d5 5. exd5 Nxd5 6. Nc3 Nxc3 7. bxc3 Bg4 8.
h3 Bh5 9. Rb1 Bc5 10. O-O O-O 11. Rb5 Bd6 12. g4 a6 13. Rb1 Bg6 14. Bg5 Qd7 15.
Nh4 Ne7 16. Rxb7 Kh8 17. Qf3 e4 18. Nxg6+ Nxg6 19. Qxe4 Rae8 20. Qf5 Qc6 21.
Qd5 Qd7 22. Be3 f5 23. Bc5 fxg4 24. Bxd6 g3 25. Bxf8 Qxh3 26. Qg8# 1-0

[Event "IV C.to Italiano U21"]
[Site "Laveno-Mombello ITA"]
[Date "1996.07.??"]
[Round "?"]
[White "Vismara, Daniele"]
[Black "Perrone, Giorgio"]
[Result "1-0"]
[WhiteElo "2155"]
[BlackElo "1609"]
[PlyCount "97"]
[EventDate "1996.07.27"]

1. e4 g6 2. d4 Bg7 3. Nf3 d6 4. Nc3 Nf6 5. Be2 O-O 6. O-O c5 7. dxc5 dxc5 8.
Qxd8 Rxd8 9. Be3 b6 10. Rfd1 Nc6 11. Rxd8+ Nxd8 12. Ne1 Bb7 13. Bf3 e5 14. Rd1
Ne6 15. Nd5 Nd4 16. c4 Rd8 17. Bg5 Rd6 18. Nd3 Nxf3+ 19. gxf3 Nxd5 20. cxd5 f5
21. Be7 Rd7 22. Bxc5 bxc5 23. Nxc5 Rc7 24. d6 Rxc5 25. d7 Bf6 26. d8=Q+ Bxd8
27. Rxd8+ Kg7 28. Rd7+ Kh6 29. Rxb7 Ra5 30. a3 Ra4 31. Kf1 Ra5 32. Ke2 Rc5 33.
Kd3 a5 34. a4 Rc1 35. Rb5 Rb1 36. Kc3 Rf1 37. Rxa5 Rxf2 38. Rxe5 Rxf3+ 39. Kc4
Re3 40. a5 f4 41. Re7 f3 42. b4 f2 43. Rf7 Rxe4+ 44. Kb3 Re3+ 45. Ka4 Re2 46.
a6 Re6 47. b5 Re2 48. b6 Re4+ 49. Kb3 1-0

[Event "I Weekend"]
[Site "Novara ITA"]
[Date "1996.12.??"]
[Round "1"]
[White "Becher, Helmut"]
[Black "Berra, Davide"]
[Result "0-1"]
[WhiteElo "2295"]
[BlackElo "1986"]
[PlyCount "82"]
[EventDate "1996.12.27"]

1. Nf3 e6 2. d4 f5 3. g3 Nf6 4. Bg2 d5 5. O-O Bd6 6. c4 c6 7. Nc3 O-O 8. Rb1
Nbd7 9. Bf4 Bxf4 10. gxf4 Ne4 11. Qc2 Ndf6 12. b4 Bd7 13. Ne5 Be8 14. c5 Nh5
15. e3 h6 16. a4 a6 17. Ne2 g5 18. f3 Nef6 19. fxg5 hxg5 20. Qd2 Kh7 21. Nc3
Nd7 22. Nd3 Qf6 23. b5 axb5 24. axb5 e5 25. bxc6 bxc6 26. Ne2 Ra7 27. Ra1 Rxa1
28. Rxa1 e4 29. Nb4 f4 30. exf4 Nxf4 31. Nxf4 gxf4 32. Ra6 e3 33. Qc3 Qh4 34.
Ra2 Rf6 35. Nxd5 cxd5 36. c6 Nb6 37. c7 Rc6 38. Qa5 Rc1+ 39. Bf1 Qg5+ 40. Rg2
e2 41. Qa6 Rxf1# 0-1

[Event "I Weekend"]
[Site "Novara ITA"]
[Date "1996.12.??"]
[Round "1"]
[White "Moncelli, Giorgio"]
[Black "Temi, Walter"]
[Result "1/2-1/2"]
[WhiteElo "2145"]
[BlackElo "2095"]
[PlyCount "42"]
[EventDate "1996.12.27"]

1. Nf3 Nf6 2. d4 g6 3. c4 Bg7 4. Nc3 d5 5. Bg5 Ne4 6. Bh4 Nxc3 7. bxc3 c5 8. e3
cxd4 9. cxd4 Nc6 10. Rc1 Bg4 11. Be2 O-O 12. O-O dxc4 13. Bxc4 Qd7 14. Bb5 a6
15. Bxc6 bxc6 16. h3 Be6 17. Qa4 Bd5 18. Nd2 f5 19. Nc4 Rfb8 20. Bg3 Rb5 21.
Rb1 Qb7 1/2-1/2

[Event "I Weekend"]
[Site "Novara ITA"]
[Date "1996.12.??"]
[Round "1"]
[White "Scotti, Umberto"]
[Black "Pagnoncelli, Marco"]
[Result "1/2-1/2"]
[WhiteElo "2155"]
[BlackElo "2105"]
[PlyCount "92"]
[EventDate "1996.12.27"]

1. e4 c5 2. c3 d5 3. exd5 Qxd5 4. d4 Nf6 5. Nf3 Bg4 6. Be2 e6 7. Na3 Nc6 8. O-O
cxd4 9. Nb5 Rc8 10. Nbxd4 Nxd4 11. Nxd4 Bxe2 12. Qxe2 Be7 13. Rd1 Qc4 14. Qxc4
Rxc4 15. Bg5 Nd5 16. Bxe7 Kxe7 17. Nf5+ exf5 18. Rxd5 Rd8 19. Rxd8 Kxd8 20. Kf1
Re4 21. Rd1+ Kc7 22. f3 Ra4 23. a3 Ra5 24. Ke2 Kc6 25. Kd3 Re5 26. Rd2 Kc5 27.
c4 Re6 28. b4+ Kc6 29. Re2 Rd6+ 30. Kc3 Rg6 31. a4 Kd7 32. c5 Ra6 33. Kb3 Rh6
34. h3 Rh4 35. Rd2+ Kc7 36. Rd5 g6 37. b5 a5 38. c6 bxc6 39. Rc5 Rb4+ 40. Ka3
Rd4 41. Rxc6+ Kb7 42. Rc2 Rd5 43. Kb3 Rd4 44. Rc4 Rd2 45. Rc2 Rd4 46. Re2 Kb6
1/2-1/2

[Event "I Weekend"]
[Site "Novara ITA"]
[Date "1996.12.??"]
[Round "2"]
[White "Barlocco, Carlo"]
[Black "Berra, Davide"]
[Result "1-0"]
[WhiteElo "2195"]
[BlackElo "1986"]
[PlyCount "67"]
[EventDate "1996.12.27"]

1. d4 e6 2. Nf3 f5 3. g3 Nf6 4. Bg2 d5 5. O-O Bd6 6. c4 c6 7. Nc3 O-O 8. c5 Bc7
9. Bf4 Nbd7 10. b4 h6 11. Ne5 Nxe5 12. Bxe5 Bxe5 13. dxe5 Nd7 14. f4 b6 15. Qd4
bxc5 16. bxc5 Qa5 17. Rfc1 Ba6 18. e4 Qxc5 19. Qxc5 Nxc5 20. exd5 Nd3 21. dxe6
Nxc1 22. Rxc1 Rac8 23. Na4 Bb7 24. Nc5 Ba8 25. Rd1 Rcd8 26. Rd6 Rfe8 27. Bh3
Kf8 28. Bxf5 Ke7 29. Rd7+ Rxd7 30. exd7 Rb8 31. Ne4 Rb2 32. Nd6 Rb8 33. Nc8+
Kd8 34. e6 1-0